| 000 | 00435nam a2200133Ia 4500 | ||
|---|---|---|---|
| 008 | 260210s9999 xx 000 0 und d | ||
| 024 | _a10B-67-BS, 10B-79-BS & 10B-87-BS | ||
| 082 | _a005.133072 USA | ||
| 100 | _aUsman Altaf Aikal, Muhammad Ahsan Horani & Mohammad Ahsan Zuberi | ||
| 245 | 0 | _aPITTO-Up-3D Game | |
| 260 |
_aKarachi: _bUITU, _c2010 |
||
| 600 | _aComputer Science | ||
| 650 | _aBachelor of Computer Science (BS) | ||
| 999 |
_c31981 _d31981 |
||